000 01648nasaa22002051ia4500
005 20250210135448.0
008 250210b2015 dr ar|gdspspao00| z0spa d
020 _q2307-2393
040 _aCGID0021
_cCGID0021
_erda
082 0 4 _aIDEICE RD 371.1 C749m 2014
_221
110 _a Instituto Dominicano de Evaluación e Investigación de la Calidad Educativa, IDEICE
245 _aMemoria 5to. Congreso Internacional IDEICE 2014
_bProfesión Docente una Decisión Social
260 _aSanto Domingo :
_b Instituto Dominicano de Evaluación e Investigación de la Calidad Educativa
_c2015
300 _a253p.
505 _aUno de los propósitos del IDEICE, es organizar cada año su Congreso Internacional, el cual reúne personal de las diferentes áreas de la academia y actores del Sistema Nacional de Educación, con la tarea de generar debate sobre la problemática de la realidad educativa en nuestro país. Para su quinta edición, el Congreso Internacional del IDEICE 2014 tuvo como lema “Profesión docente: una decisión social”, donde especialistas de renombre internacional aportaron sus conocimientos en el campo teórico, asuntos de políticas públicas y así poder abordar las realidades del ejercicio de la profesión docente. En esta ocasión se expusieron las experiencias que acontecen en países latinoamericanos y de otros continentes, como es el caso China popular.
650 _aEducación -- Sociedad, Modelos Educativos.
700 _aCoordinadores : Julián Álvarez ; Luís Camilo Matos de León
710 _a Instituto Dominicano de Evaluación e Investigación de la Calidad Educativa
942 _2ddc
_cREV
_n0
999 _c12493
_d12493